[Event "Paks Atom Cup GM 2nd"]
[Site "Paks"]
[Date "1997.??.??"]
[Round "11"]
[White "Arkhipov, Sergey"]
[Black "Arsovic, Zoran"]
[Result "1-0"]
[WhiteElo "2540"]
[BlackElo "2425"]
[PlyCount "117"]
[EventDate "1997.09.??"]
[EventType "tourn"]
[EventRounds "11"]
[EventCountry "HUN"]
[EventCategory "8"]
[SourceTitle "EXT 2001"]
[Source "ChessBase"]
[SourceDate "2000.11.22"]
[SourceVersion "1"]
[SourceVersionDate "2000.11.22"]
[SourceQuality "1"]

1. e4 c5 2. d3 Nc6 3. g3 d5 4. Nd2 Nf6 5. Bg2 e6 6. Ngf3 Be7 7. 0-0 0-0 8. Re1 Qc7 9. e5 Nd7 10. Qe2 b5 11. Nf1 b4 12. Bf4 Ba6 13. h4 Qb6 14. Qd1 Rfc8 15. Ne3 Bb5 16. h5 h6 17. Bh3 Qd8 18. Kh2 Nb6 19. Rg1 d4 20. Nf1 c4 21. g4 Nd5 22. Bg3 b3 23. cxb3 c3 24. bxc3 dxc3 25. a3 c2 26. Qxc2 Nd4 27. Nxd4 Rxc2 28. Nxc2 Rc8 29. Nfe3 Nc3 30. d4 Bd3 31. Rge1 Bg5 32. Nb4 Bh7 33. Rac1 a5 34. Na6 Nb5 35. Bg2 Bxe3 36. fxe3 Bc2 37. a4 Na3 38. Ra1 Qb6 39. Nc5 Qb4 40. Re2 Bxb3 41. Rb2 Rxc5 42. dxc5 Qc3 43. Rxb3 Qxb3 44. c6 Qxa4 45. Be1 Qb3 46. c7 Qc2 47. Rxa3 Qxc7 48. Rxa5 Qc4 49. Kg3 Kh7 50. Ra7 Qe2 51. Be4+ g6 52. hxg6+ Kg8 53. gxf7+ Kg7 54. Bf2 Qb5 55. Kg2 Qe2 56. Bf3 Qb2 57. Rd7 Qxe5 58. Bg3 Qb5 59. Bd6 1-0